Backward Shakespeare Match-Up Quiz Stats

 Plays Quiz Updated Jul 19, 2017

Support Sporcle.
Go Orange.
Score 0/40 Timer 05:00
0 Plays Today
% Correct
TEL
81.8%
TEI
80.4%
OE
78.4%
ARTAP
77.6%
HTEB
77.1%
ANOM
74.2%
KCOL
71.8%
YNO
68.3%
OITU
67.3%
FFAT
66.7%
ZTNAR
66.1%
NAIT
61.5%
ENILE
60.4%
NONME
59.7%
AILE
59.4%
AIV
57.6%
NRETSN
57.4%
REDN
57%
EDUR
55.1%
DNANI
53.3%
% Correct
OIN
52.9%
OUQ
52.1%
OREP
51.2%
ATYLO
50.8%
SUNAL
48.5%
ADIS
48.5%
ALO
48.1%
KCID
46%
ANIRE
45.6%
OIHC
44%
LIRE
43.8%
SELC
42.9%
SET
42.1%
NAC
41.7%
ENOTS
40.6%
SARBN
38.2%
NABI
30.8%
YRRE
30.4%
OINA
25.1%
SUE
22.5%

You're not logged in!

Compare scores with friends on all Sporcle quizzes.
OR
Log In
Forgot?

From the Vault

Thank You! You're Welcome!

by Hejman

Now you can dazzle everyone with your newly acquired ability to speak Swahili.
Remove Ads.
Support Sporcle.
Get the best of Sporcle when you Go Orange. This ad-free experience offers more features, more stats, and more fun while also helping to support Sporcle. Thank you for becoming a member.

Show Comments

Extras

Top Quizzes Today


Score Distribution

Your Account Isn't Verified!

In order to create a playlist on Sporcle, you need to verify the email address you used during registration. Go to your Sporcle Settings to finish the process.

Report this User

Report this user for behavior that violates our Community Guidelines.

Details: